| 000 | 00802nam a22002417a 4500 | ||
|---|---|---|---|
| 003 | OSt | ||
| 005 | 20220913140626.0 | ||
| 008 | 180411b xxu||||| |||| 00| 0 eng d | ||
| 010 | _a5611834 | ||
| 040 | _aLB-BrCRDP | ||
| 082 | _a371.4 C337b | ||
| 100 | _aBarry, Ruth | ||
| 245 | _aCase studies in human relationships in secondary school | ||
| 260 |
_aNew York _bTeachers college press _c1966 |
||
| 300 |
_a135p _c21cm |
||
| 650 | _aCase studies -- Counseling in secondary education | ||
| 650 | _aCounseling in secondary education -- Case studies | ||
| 650 | _aÉtudes de Services personnels aux élèves du secondaire | ||
| 650 | _aÉlèves du secondaire Psychologie -- Études de cas | ||
| 650 | _aRelations humaines chez l'adolescence | ||
| 700 | _aRichard H. Byrine | ||
| 942 |
_2ddc _cBK |
||
| 999 |
_c19049 _d19049 |
||